One piece 1er sondage de popularité - Statistiques

Statistiques générales
  • Ce quiz a été pris 704 fois
  • Le résultat moyen est 12 sur 30
Statistiques - réponses
Classement Personnage % Correct
1er Monkey D. Luffy
100%
2ème Roronoa Zoro
99%
5ème Nami
97%
4ème Sanji
95%
8ème Usopp
79%
3ème Shanks
78%
7ème Baggy
62%
18ème Kobby
50%
14ème Dracule Mihawk
48%
22ème Zeff
43%
13ème Gol D. Roger
42%
9ème Kuro
38%
16ème Don krieg
36%
17ème Kaya
33%
11ème Gyn
28%
12ème Makino
25%
21ème Merry
25%
26ème Yasopp
25%
6ème Ben beckmann
24%
19ème Jango
23%
25ème Cabaji
18%
10ème Kuina
17%
15ème Gaimon
16%
23ème Morge
16%
29ème Piment
16%
24ème Johnny
15%
27ème Patty
14%
28ème Yosaku
14%
30ème Boodle
5%
20ème Les frères Nyaban
4%
Aucun quiz correspondant
Distribution des résultats
% des personnes avec chaque résultat
Percentile par nombre de réponses
Votre historique - résultats
Vous n’avez pas pris ce quiz